header

Global cities : (Record no. 45598)

MARC details
000 -LEADER
fixed length control field 01459nam a22003614a 4500
082 04 - DEWEY DECIMAL CLASSIFICATION NUMBER
Classification number 307.76/4/090511
245 00 - TITLE STATEMENT
Title Global cities :
260 ## - PUBLICATION, DISTRIBUTION, ETC. (IMPRINT)
Place of publication New Brunswick, N.J. :
Name of publisher Rutgers University Press,
Year of publication 2003.
300 ## - PHYSICAL DESCRIPTION
Number of Pages viii, 213 p. :
Other physical details ill.
490 1# - SERIES STATEMENT
Series statement New directions in international studies
650 #0 - SUBJECT ADDED ENTRY--TOPICAL TERM
Topical Term Cities and towns in art.
Topical Term Arts and globalization.
Topical Term Arts, Modern
Topical Term Arts, Modern
700 1# - ADDED ENTRY--PERSONAL NAME
Personal name Krause, Linda.
Personal name Petro, Patrice,
856 40 - ELECTRONIC LOCATION AND ACCESS
Uniform Resource Identifier http://site.ebrary.com/lib/rucke/Doc?id=10075363

No items available.

© 2026 Rongo University
Contact us: librarian | system librarian | Rongo university